000 00650nam a2200121Ia 4500
008 220615s9999||||xx |||||||||||||| ||und||
245 0 _aAcquisition and Loss of Nationality|Volume 1: Comparative Analyses
_bPolicies and Trends in 15 European Countries
546 _aEnglish[eng]
650 _awetenschap algemeen||popular science
700 _aGroenendijk, Kees||Ersbøll, Eva||Waldrauch, Harald||Bauböck, Rainer
856 _uhttps://library.oapen.org/bitstream/20.500.12657/35188/1/340147.pdf||https://library.oapen.org/bitstream/20.500.12657/35188/1/340147.pdf||https://library.oapen.org/bitstream/20.500.12657/35188/1/340147.pdf
942 _cEB
999 _c14940
_d14940